Sports Quiz

Random Sports or NHL Quiz

Nhl mascots Quiz Stats

 Plays Quiz not verified by Sporcle

Challenge
Share
Tweet
Embed
Score 0/30 Timer 04:00
0 Plays Today
team mascot % Correct
New JerseyDevils
95.8%
PittsburghPenguins
95%
PhiladelphiaFlyers
94.1%
DetroitRed Wings
94.1%
MinnesotaWild
94.1%
BostonBruins
93.3%
ChicagoBlackhawks
93.3%
San JoseSharks
93.3%
Tampa BayLightning
92.4%
St. LouisBlues
92.4%
New YorkRangers
91.6%
OttawaSenators
91.6%
TorontoMaple Leafs
91.6%
FloridaPanthers
91.6%
WashingtonCapitals
91.6%
team mascot % Correct
VancouverCanucks
91.6%
AnaheimDucks
91.6%
New YorkIslanders
90.8%
NashvillePredators
90.8%
CalgaryFlames
90.8%
DallasStars
90.8%
Los AngelesKings
90.8%
CarolinaHurricanes
89.9%
ColumbusBlue Jackets
89.9%
EdmontonOilers
89.9%
MontrealCanadiens
89.1%
ColoradoAvalanche
88.2%
BuffaloSabres
87.4%
PhoenixCoyotes
85.7%
AtlantaThrashers
84%

You're not logged in!

Compare scores with friends on all Sporcle quizzes.
OR
Log In

You Might Also Like...

Show Comments

Extras

Created May 25, 2010ReportNominate
Tags:NHL Quiz, mascot, team

Top Quizzes Today


Score Distribution

Your Account Isn't Verified!

In order to create a playlist on Sporcle, you need to verify the email address you used during registration. Go to your Sporcle Settings to finish the process.

Report this User

Report this user for behavior that violates our Community Guidelines.

Details: